000 03796nam0a2200409 4500
001 RU\NLR\BIBL_A\012717057
005 20260406024540.0
010 _a978-5-6047146-9-0
_9300
021 _aRU
_b2021-76851
_9КН-П-6128
035 _a(RuMoRGB)010868916
035 _a(NLR Aleph) 012717057
090 _a12928599
_c12928599
100 _a20220228d2021 |||y0rusy50 ca
101 0 _arus
102 _aRU
105 _aab||z||||||z|
181 1 _ai3
_b e
182 1 _an
200 1 _aДиатомовые водоросли Юго-Восточной Азии
_dThe diatoms of Southeast Asia
_eмонография
_fА. М. Глущенко, И. В. Кузнецова, М. С. Куликовский
_gРоссийская академия наук, Институт физиологии растений им. К. А. Тимирязева
_zeng
203 _aТекст
_bвизуальный
_cнепосредственный
210 _aЯрославль
_cФилигрань
_d2021
215 _a318, [1] с.
_cил., карт.
_d25
300 _aАвт. также на англ. яз.: A.M. Glushchenko, I.V. Kuznetsova, M.S. kulikovskiy
320 _aБиблиогр.: с. 96-118
320 _aАлф. указ.: с. 316-318
330 _aМонография представляет собой результат 7-летнего изучения диатомовой флоры разнотипных водоемов и водотоков Лаоса, Камбоджи и Вьетнама (Юго-Восточная Азия). В отличие от фауны и флоры сосудистых растений, диатомовая флора Юго-Восточной Азии изучена поверхностно. Работа направлена на устранение существующего пробела с позиций таксономического изучения диатомовых водорослей с привлечением современных методов исследования. Подробно рассматривается история изучения диатомовой флоры Юго-Восточной Азии, дан анализ основных работ по региону, составлен развернутый аннотированный список. Изучены представители порядков Eunotiales Silva 1962, за исключением рода Eunotia Ehrenberg 1837 (рассмотренного авторами ранее в отдельной работе), Mastogloiales D. G. Mann 1990, Cymbellales D. G. Mann 1990 и Naviculales Bessey 1907. Было выявлено 140 видов и разновидностей. Виды проиллюстрированы 1358 оригинальными световыми и 38 сканирующими электронными микрофотографиями. Обсуждена морфология и филогения некоторых таксонов диатомовых водорослей
510 1 _6z22790
_aDiatoms of Southeast Asia
_zeng
606 1 _aДиатомовые водоросли
_yЮго-Восточная Азия
_92407868
_3RU\NLR\AUTH\6601654158
675 _a582.261.1(5-12)
_v4
686 1 _aЕ591.22(57,5)
700 1 _aГлущенко
_bА. М.
_f1992-
_gАнтон Михайлович
701 1 _7ca
_8rus
_aКузнецова
_bИ. В.
_cбиолог
_gИрина Валерьевна
_9176223
_3RU\NLR\AUTH\770176274
701 1 _8rus
_7ca
_aКуликовский
_bМ. С.
_gМаксим Сергеевич
_3RU\NLR\AUTH\77126137
_9109061
790 1 _6z22510
_aGluščenko
_bA.M.
_f1992-
_gAnton Michajlovič et al.
942 _cBOOK
980 _aNB